000 01796nam a2200289 a 4500
001 77709
003 BD-RjUL
005 20211209083020.0
008 201230s2010 bg a|||| m||| 00| 0 ben d
035 _a(BD-RjUL)77935
040 _aBD-RjUL
_bben /eng
_cBD-RjUL
_dBD-RjUL
041 _aben
082 _a305.553
_bRAS 2010
_223
100 _aরায়, প্রণব কুমার
_9243084
245 1 0 _aসুন্দরবনের পেশাজীবী সম্প্রদায় :
_bসমাজ ও সংস্কৃতি /
_cপ্রণব কুমার রায়
_6তত্ত্বাবধায়ক : সাইফুদ্দীন চৌধুরী
260 _aরাজশাহী :
_bফোকলোর বিভগ, রাজশাহী বিশ্ববিদ্যালয়,
_c২০১০
300 _a[১১] , ২২৯ পাতা :
_bচিএ ;
_c২৯ সেমি.
502 _aথিসিস (পিএইচ. ডি.) -- ফোকলোর বিভগ, রাজশাহী বিশ্ববিদ্যালয়, ২০১০
504 _aগ্রন্থপঞ্জি : পাতা ২৯২-২৯৯
600 _d
_9243331
651 _aবাংলাদেশ
_zসুন্দরবন
_xধর্মীয় জীবন ও রীতিনীতি
_9243332
651 _aBangladesh
_zSundarban
_xReligious life and customs.
_9243333
651 _aবাংলাদেশ
_zসুন্দরবন
_xসামাজিক জীবন এবং রীতিনীতি।
_9243334
651 _aBangladesh
_zSundarban
_xSocial life and customs.
_9243335
700 _aচৌধুরী ,সাইফুদ্দীন , তত্ত্বাবধায়ক
_9243087
942 _2ddc
_cTHE
999 _c77709
_d77709